000 00621nam a2200205Ia 4500
003 LK-CoDNM
005 20230715224925.0
008 140723t2022 xxu||||| |||| 00| 1 sin d
020 _a9552005833
040 _aLK-CoDNM
_dLK-CoDNM
_eLK-CoDNM
041 _asin
080 _a8-31
_bAPI
100 _aආපිට්ස්,බෘනෝ
_vApits,Bruuno
245 _aවෘකයන් අතර නග්නව
246 _aWurkayan Athara Nagnawa
260 _bS.Godage Publisher
_aColombo
_c2022
300 _b471p
700 _aසිරිල් සී පෙරේරා
_eපරි.
_ySiril C Perera
942 _cBK
999 _c79907
_d79907